| 000 | 00724nam a22002177a 4500 | ||
|---|---|---|---|
| 005 | 20150724165823.0 | ||
| 008 | 140714b xxu||||| |||| 00| 0 Urdu d | ||
| 010 | _aUR-9234 | ||
| 020 | q | _c150.00 | |
| 035 | _aU-7789 | ||
| 037 | _bDBAD/Pub. | ||
| 040 |
_aDPL _bUrdu |
||
| 082 | _a 840 | ||
| 100 | _aشر يف ا حمد مبا ر ک پو ر ی | ||
| 245 |
_aشعر و ا د ب کے فکر ی ز ا و ۓ _cشر يف ا حمد مبا ر ک پو ر ی |
||
| 246 |
_aSher-o- Adabke Fikri Zavye _bBy Shareef Ahmed Mubarak Puri |
||
| 260 |
_aDelhi _c2011 _bEducational Publishing House |
||
| 270 |
_aLal Kuan _bDelhi _e110006 _k - |
||
| 300 |
_a142ص _c22Cm (Hb) |
||
| 942 |
_2ddc _cUR _e _h 840 _mش ر ی |
||
| 999 |
_c95230 _d95230 |
||